La unión de la juventud
Salvato in:
| Autore principale: | |
|---|---|
| Natura: | Libro |
| Lingua: | spagnolo |
| Pubblicazione: |
Madrid
Mundo Latino
1900
|
| Serie: | Teatro Completo, 6
|
| Soggetti: | |
| Tags: |
Aggiungi Tag
Nessun Tag, puoi essere il primo ad aggiungerne!!
|
MARC
| LEADER | 00000nam a2200000 a 4500 | ||
|---|---|---|---|
| 001 | UCZ5887 | ||
| 003 | CL-VaPUC | ||
| 005 | 20220705093020.0 | ||
| 008 | 951127e19000000SP |||||||||||||||||spa|d | ||
| 999 | |c 242165 |d 242163 | ||
| 040 | |c Pontificia Universidad Católica de Valparaíso | ||
| 082 | 0 | 4 | |a 839.82 |b IBS |2 21 |
| 100 | |a Ibsen, Henrik |e author |9 858009 | ||
| 245 | 1 | 3 | |a La unión de la juventud |
| 246 | 1 | 4 | |a Las columnas de la sociedad |
| 260 | |a Madrid |b Mundo Latino |c 1900 | ||
| 300 | |a 302 p | ||
| 490 | 0 | |a Teatro Completo, 6 | |
| 583 | |a last modification |c 19951127 00:00:00 |k Rodrigo Vera | ||
| 650 | 0 | |a Dramas noruegos |9 330527 | |
| 852 | |a BIBCUR | ||
| 942 | |c BK |2 ddc | ||
| 945 | |d 19951127 00:00:00 |a rbrito | ||
| 952 | |0 0 |1 0 |4 0 |6 839_820000000000000_IBS_1900 |7 0 |8 P |9 254922 |a BIBEDU |b BIBEDU |c BIBEDU_PB |d 2019-11-19 |i 3155145 |o 839.82 IBS 1900 |p 3155145 |r 2024-01-25 |w 2019-11-19 |y BK |k LIT | ||